Hollywood Undead Charting Songs (Billboard Hot Rock) - Statistics

General Stats
  • This quiz has been taken 53 times
  • The average score is 3 of 7
Answer Stats
Album Weeks On Peak Artist(s) Song % Correct
Day of the Dead 2 Weeks #17 Hollywood Undead Day of the Dead
98%
Five 1 Week #46 Hollywood Undead California Dreaming
40%
Five 2 Weeks #44 Hollywood Undead Whatever It Takes
40%
Notes from the Underground 1 Week #33 Hollywood Undead We Are
38%
American Tragedy 20 Weeks #23 Hollywood Undead Hear Me Now
33%
Notes from the Underground 1 Week #35 Hollywood Undead Dead Bite
29%
American Tragedy 1 Week #34 Hollywood Undead Levitate
29%
No matching quizzes found
Score Distribution
Percent of People with Each Score
Percentile by Number Answered
Your Score History
You have not taken this quiz